History Quiz

Random History or Nation Quiz

Empires of Mesopotamia Quiz Stats

 Plays Quiz not verified by Sporcle

Challenge
Share
Tweet
Embed
Score 0/13 Timer 10:00
0 Plays Today
Capital Empire % Correct
BabylonBabylonian Empire
80.2%
NinevahAssyria
76.7%
UrukSumeria
67.3%
HattusaHittites
33.2%
IstanbulOttoman Empire
33%
AkkadAkkadian Empire
27.9%
ConstantinopleByzantine Empire
26.6%
CtesiphonParthian Empire
16.7%
EcbatanaMedian Empire
13.8%
BaghdadAbbasid Caliphate
12.6%
AnshanElam
12.4%
CtesiphonSassanid Empire
12.1%
DamascusUmayyad Caliphate
11.3%

You're not logged in!

Compare scores with friends on all Sporcle quizzes.
Join for Free
OR
Log In

You Might Also Like...

Show Comments

Extras

Top Quizzes Today


Score Distribution

Your Account Isn't Verified!

In order to create a playlist on Sporcle, you need to verify the email address you used during registration. Go to your Sporcle Settings to finish the process.

Report this User

Report this user for behavior that violates our Community Guidelines.

Details: